Footballers by pictures #13 - Statistics

General Stats
  • This quiz has been taken 23 times
  • The average score is 19 of 40
Answer Stats
Picture Answer % Correct
Deco
94%
Edgar Davids
89%
Ferran Torres
83%
Ivan Perišić
78%
João Cancelo
72%
Nacho
72%
Niclas Füllkrug
72%
Franck Kessié
67%
Donny van de Beek
61%
Álvaro Morata
56%
Clément Lenglet
56%
David Neres
56%
Kostas Tsimikas
56%
Nicolas Anelka
56%
Oriol Romeu
56%
Antonio Di Natale
50%
Daniel Maldini
50%
Divock Origi
50%
Kurt Zouma
50%
Marc Overmars
50%
Marko Arnautović
50%
Miralem Pjanić
50%
Samir Nasri
50%
Alberto Moreno
44%
Marc Bartra
44%
Nicolò Zaniolo
39%
Teddy Sheringham
39%
Wes Brown
39%
Arthur Melo
33%
Freddie Ljungberg
33%
Harry Winks
33%
Nicolas Jackson
33%
Alex Song
28%
Daniel James
28%
Diego Milito
28%
Exequiel Palacios
28%
Tony Adams
22%
Marcos Senesi
17%
Louis Saha
11%
Stefan Savić
11%
No matching quizzes found
Score Distribution
Percent of People with Each Score
Percentile by Number Answered
Your Score History
You have not taken this quiz